| 000 | 00777nas a2200253 4500 | ||
|---|---|---|---|
| 001 | BR2011000731 | ||
| 003 | BR-BrBNA | ||
| 005 | 20231205114436.0 | ||
| 007 | ta | ||
| 008 | 230509b bl.|||p| |||| 00| 00por d | ||
| 040 |
_aBR-BrBNA _bpor _cBiblioteca Nacional de Agricultura |
||
| 041 | _a(Pt) | ||
| 072 | _aF04 | ||
| 100 | 1 | _aSousa, R.T.X. de | |
| 100 | 1 | _aKorndorfer, G.H. | |
| 100 | 1 | _aWangen, D.R.B. | |
| 245 | 1 | _aAproveitamento de silício proveniente de escória siderúrgica por cultivares de cana-de-açucar | |
| 650 | _aCANA DE AÇUCAR | ||
| 650 | _aSILÍCIO | ||
| 650 | _aADUBAÇÃO | ||
| 773 | 0 |
_tBragantia (Brazil) _xISSN 0006-8705 _g(Jul-Sep 2010), v. 69(3) p. 669-676 _wBR2011000731 |
|
| 909 |
_a202311 _bLúcia _c55 _dLúcia Elande |
||
| 942 |
_2AGRIS _n0 _cANA |
||
| 999 |
_c208799 _d208799 |
||